| 000 | 00665nam a22002295a 4500 | ||
|---|---|---|---|
| 005 | 20171126142446.0 | ||
| 008 | 171126r20072001ii frb 001 0 eng d | ||
| 020 | _a9788125908401 | ||
| 020 | _a8125908404 | ||
| 040 |
_aEG-ScBUE _beng _cEG-ScBUE |
||
| 082 | 0 | 4 |
_a621.406 _bARA _222 |
| 100 | 1 | _aArasu, A. Valan. | |
| 245 | 1 | 0 |
_aTurbo Machines / _cA. Valan Arasu. |
| 250 | _aReprinted ed. | ||
| 260 |
_aJangpura : _bVikas Publishing House, _c2007. |
||
| 300 |
_axvi, 463 p. : _bill. ; _c24 cm. |
||
| 504 | _aIncludes bibliographical references and index. | ||
| 650 | 7 |
_aTurbomachines. _2BUEsh |
|
| 651 | _2BUEsh | ||
| 653 |
_bENGGEN _cNovember2017 |
||
| 942 | _2ddc | ||
| 999 |
_c25669 _d25641 |
||